000 00445nam a2200157 i 4500
001 57472
003 ES-MaACL
005 20230906163601.0
007 t|
008 031016s1914 fr ||||1| fre d
100 1 _aDorigny, Jean.
_945406
245 1 2 _aL'ablé lemire
_b: son oeuvre parlementaire /
_cJean Dorigny.
260 _a[S.l. :
_bs.n.,
_c1914] (
_eMayenne :
_fCh. Colin)
300 _aXVI, 792 p. ;
_c19 cm.
852 _aES-MaACL
_jF-9047
999 _c57472
_d57472